| 000 | 01327nam0a22003011 4500 | ||
|---|---|---|---|
| 001 | rc\2683839 | ||
| 005 | 20250623160028.0 | ||
| 035 | _a(NLR Aleph) 006812174 | ||
| 090 |
_a6355181 _c6355181 |
||
| 100 | _a20110915d1933 |||y0rusy50 ca | ||
| 101 | 1 |
_arus _ceng |
|
| 102 | _aRU | ||
| 105 | _aa z ||||| | ||
| 200 | 1 |
_aМетоды геологической съемки _fЭ. Гринли, Х. Вильямс _gПер. с англ. Н. К. Дыбовской _gПод ред. и с доп. проф. Е. В. Милановского |
|
| 210 |
_aМосква _aЛенинград _aНовосибирск _cГорно-геол. нефт. изд-во _d1933 _eМосква _gтип. Профиздата |
||
| 215 |
_aОбл., 280 с. _cчерт. _d23х16 см. |
||
| 300 | _aНа обороте тит. л.: "E. Greehly and H. Williams. Methods in geological surveying (Thomas Muibye & Co, London 1930)" | ||
| 320 | _aБиблиогр.: "Библиография" (с. 273-80) | ||
| 700 | 1 |
_aГринли _bЭ. |
|
| 701 | 1 |
_aВильямс _bХ. |
|
| 702 | 1 |
_aДыбовская _bН.К. _4730 |
|
| 702 | 1 |
_aМилановский _bЕ.В. _gЕвгений Владимирович _4340 _4212 |
|
| 801 | 0 |
_aRU _bNLR _gpsbo |
|
| 801 | 1 |
_aRU _bELAR _2rusmarc |
|
| 852 |
_aNLR _j33-4/1306 |
||
| 942 | _cBOOK | ||
| 980 | _aNB | ||